000
00339nam a2200133Ia 4500
008
151001s9999||||xx |||||||||||||| ||und||
100
_a
बद्रीनाथ
245
_a
धून्द मे डुबे हुए
250
_a
1
260
_b
संगीता
260
_c
2008
300
_a
152
365
_b
21
999
_c
994816
_d
994813